00330nam a2200133Ia 4500008004100000020001400041041000800055082001700063100002200080245002500102260005000127300001000177650000900187210716s1992 xx 000 0 und d a911625658 aeng a005.301 BULP aBultema, Patrick. aLotus 1-2-3 for DOS. aNew DelhibGalgotia Publication Pvt Ltdc1992 ax,261 aNone